000 01220nam a2200241Ii 4500
003 JO-AjNU
005 20240625090038.0
008 230605s9999||||xx |||||||||||||| ||und||
040 _aJO-AjNU
_bara
_erda
_cJO-AjNU
041 _aara
050 1 4 _aHD62.15 2022
100 _aالشقران، عون عبدالوهاب
_eمعد
_965561
245 0 0 _aأثر خصائص لجان التدقيق على جودة التدقيق الداخلي في البنوك التجارية الاردنية =The impact of the Audit Committees Characteristics on the Quality of internal Auditing in Jordanian commerical Banks
_c/ اعداد عون عبدالوهاب الشقران ؛ اشراف ليث عبد الله العريان
264 3 1 _a 2022
300 _a91 ورقة
336 _atext
_btxt
_2rdacontent
337 _aunmediated
_bn
_2rdamedia
338 _avolume
_bnc
_2rdacarrier
500 _aرسالة جامعية(اطروحة ماجستير) جامعة عجلون الوطنية، كلية ادارة الاعمال، تخصص المحاسبة، 2022
650 4 _aالبنوك التجارية-تدقيق داخلي
_963228
700 _aليث عبد الله العريان
_eمشرف
_965088
942 _2lcc
_cTHS
999 _c32236
_d32236